LEGO Series 15 Minifigures by Picture - Statistics

General Stats
  • This quiz has been taken 10 times
  • The average score is 12 of 16
Answer Stats
Picture Answer % Correct
Astronaut
100%
Farmer
100%
Frightening Knight
100%
Queen
100%
Shark Suit Guy
100%
Jewel Thief
89%
Ballerina
78%
Janitor
78%
Tribal Woman
78%
Animal Control
67%
Faun
67%
Clumsy Guy
56%
Flying Warrior
56%
Kendo Fighter
56%
Wrestling Champion
56%
Laser Mech
33%
No matching quizzes found
Score Distribution
Percent of People with Each Score
Percentile by Number Answered
Your Score History
You have not taken this quiz